Quản trị tài chính doanh nghiệp
Bewaard in:
| Hoofdauteur: | |
|---|---|
| Formaat: | Boek |
| Taal: | Undetermined |
| Gepubliceerd in: |
Thành phố Hồ Chí Minh
Tài chính
2005
|
| Onderwerpen: | |
| Tags: |
Voeg label toe
Geen labels, Wees de eerste die dit record labelt!
|
| Thư viện lưu trữ: | Trung tâm Học liệu Trường Đại học Cần Thơ |
|---|
| LEADER | 00677nam a2200229Ia 4500 | ||
|---|---|---|---|
| 001 | CTU_95242 | ||
| 008 | 210402s9999 xx 000 0 und d | ||
| 020 | |c 90000 | ||
| 082 | |a 658.1511 | ||
| 082 | |b S105 | ||
| 100 | |a Nguyễn, Hải Sản | ||
| 245 | 0 | |a Quản trị tài chính doanh nghiệp | |
| 245 | 0 | |c Nguyễn Hải Sản | |
| 260 | |a Thành phố Hồ Chí Minh | ||
| 260 | |b Tài chính | ||
| 260 | |c 2005 | ||
| 526 | |a Quản lý chất lượng và luật thực phẩm | ||
| 526 | |b NS328 | ||
| 650 | |a Business enterprises | ||
| 650 | |x Finance | ||
| 904 | |i Minh | ||
| 980 | |a Trung tâm Học liệu Trường Đại học Cần Thơ | ||